01326nam a2200253 i 4500003000900000005001700009007000300026008004100029020001800070040003000088041000800118082001900126100004200145245006100187264007400248300004500322336002700367337003400394338002800428490009100456500007400547504003700621505041400658DO-SdBNP20260427105927.0ta260427b2025 dr a|||| |||| 00| 0 spa d a9789945663006 aDO-SdBNPbspacBNPHUerda aspa 4axxxbP426a222 aPeralta Checo, H. Teresaeautor4aut.10aAcceso a recursos de información /cTeresa Peralta, H. aSanto Domingo, República Dominicana :bEditorial Santuario, c2025. a65 páginas :bilustraciones ;c23 cm.  atextobtxt2rdacontent asin mediación bn2rdamedia avolumenbnc2rdacarrier0 aCuadernos de Bibliotecología y Ciencias de la Información vno. 1. Septiembre 2024 aIncluye datos biográficos de la autora en la solapa de la cubierta. aBibliografía: páginas 59-61 aPreámbulo, 11 -- Introducción, 15 -- Colección de información y referencia, 29 -- Productos informativos documentales, 35 --Personal del servicios de información bibliográfica, 39 -- El proceso de consulta, 43 --Tipos de consultas, 43 -- Etapas, 45 -- Estrategias de búsqueda, 46-- Metodología, 47 -- El servicios de información bibliográfica hoy, 51-- Evaluación, Conclusión, 57 --